[Event "XIX Carlos Torre Mem"]
[Site "Merida MEX"]
[Date "2006.12.17"]
[Round "5"]
[White "Perez Rodriguez,Je"]
[Black "Soto,F"]
[Result "1/2-1/2"]
[WhiteElo "2250"]
[BlackElo "2113"]
[EventDate "2006.12.14"]

1. e4 c5 2. c3 Nc6 3. d4 cxd4 4. cxd4 d6 5. Nf3 e6 6. Nc3 a6 7. Bd3 Nf6 8.
O-O Be7 9. h3 e5 10. dxe5 dxe5 11. Qe2 O-O 12. Bg5 Be6 13. Rfd1 Qe8 14. Nd5
Nxd5 15. exd5 Bxd5 16. Bxh7+ Kxh7 17. Rxd5 f6 18. Be3 Kh8 19. Rad1 Rd8 20.
Rxd8 Bxd8 21. Bc5 Be7 22. Bxe7 Nxe7 23. Qc4 Qh5 24. Rd7 Ng6 25. Rxb7 Nf4
26. Qc7 Rg8 27. Qd7 e4 28. Nd4 Qg6 29. Qg4 Qxg4 30. hxg4 Rd8 31. Nf5 g6 32.
Ng3 Rd1+ 33. Kh2 f5 34. gxf5 gxf5 35. Nxf5 Rd2 36. Ne3 Rxf2 37. Kg3 Nd3 38.
a4 Rxb2 39. Rxb2 Nxb2 40. a5 Nd3 41. Kg4 Nc5 42. Kf4 Kg7 43. Nf5+ Kf6 44.
Nd4 Nb7 45. Nb3 Nd6 46. g4 Kg6 47. Nc5 Nc4 48. Nxa6 e3 49. Kf3 Kg5 50. Nc5
Nxa5 51. Ne4+ Kg6 52. Kxe3 Nc6 53. Kf4 Nd4 54. Nd2 Ne6+ 55. Kg3 Nc5 56. Nf3
Ne6 57. Kh4 Nf4 58. Ne5+ Kf6 59. Nd7+ Kg6 60. Ne5+ Kf6 61. Nd7+ 1/2-1/2

[Event "XIX Carlos Torre Mem"]
[Site "Merida MEX"]
[Date "2006.12.17"]
[Round "5"]
[White "Knight,S"]
[Black "Mata,A"]
[Result "1-0"]
[WhiteElo "2100"]
[BlackElo "2104"]
[EventDate "2006.12.14"]

1. d4 d5 2. Nf3 Nf6 3. e3 e6 4. Bd3 Nbd7 5. Nbd2 Bd6 6. O-O O-O 7. Re1 e5
8. e4 dxe4 9. Nxe4 Nxe4 10. Bxe4 exd4 11. Qxd4 h6 12. Bd2 Qf6 13. Rad1 Qxd4
14. Nxd4 Nf6 15. Bf3 Bg4 16. Bxg4 Nxg4 17. h3 Bc5 18. Bc3 Nf6 19. Nf5 Kh7
20. b4 Bb6 21. Rd3 Rad8 22. Red1 Rxd3 23. Rxd3 Rg8 24. Bxf6 gxf6 25. Rd7
Re8 26. Kf1 a5 27. g4 Kg6 28. Ne7+ Kg7 29. b5 Bc5 30. Nf5+ Kg6 31. Rxc7 b6
32. Rd7 Re4 33. Nh4+ Kg7 34. Rd2 h5 35. Nf5+ Kg6 36. Ng3 Ra4 37. gxh5+ Kg5
38. c3 Rc4 39. Re2 f5 40. Re5 Rf4 41. Rxc5 1-0

[Event "XIX Carlos Torre Mem"]
[Site "Merida MEX"]
[Date "2006.12.17"]
[Round "5"]
[White "Martin del Campo,J"]
[Black "Tey Carrera,J"]
[Result "1-0"]
[WhiteElo "2218"]
[BlackElo "2048"]
[EventDate "2006.12.14"]

1. e4 e6 2. d4 d5 3. Nd2 dxe4 4. Nxe4 Bd7 5. Nf3 Bc6 6. Bd3 Nd7 7. O-O Bxe4
8. Bxe4 c6 9. c4 Ngf6 10. Bc2 Be7 11. b3 O-O 12. Bb2 Qa5 13. Qe2 Ba3 14.
Bxa3 Qxa3 15. Rfd1 Rfd8 16. Rd2 a5 17. Rad1 Nb6 18. Qe3 Ra6 19. Bd3 Qb4 20.
d5 cxd5 21. c5 d4 22. Bxa6 Nbd5 23. Rxd4 Qxc5 24. Rxd5 1-0

[Event "XIX Carlos Torre Mem"]
[Site "Merida MEX"]
[Date "2006.12.17"]
[Round "5"]
[White "Colli Lopez,S"]
[Black "Ramirez Garcia,J"]
[Result "0-1"]
[WhiteElo "2080"]
[BlackElo "2216"]
[EventDate "2006.12.14"]

1. Nf3 Nf6 2. d4 e6 3. c3 c5 4. e3 d5 5. Bd3 Nc6 6. Ne5 cxd4 7. exd4 Nxe5
8. dxe5 Nd7 9. Bf4 g5 10. Bg3 h5 11. h3 Bg7 12. Qe2 Qc7 13. O-O Bxe5 14.
Na3 a6 15. Rae1 Bf4 16. Bg6 Nf6 17. Bc2 h4 18. Bxf4 Qxf4 19. Qd3 g4 20. g3
Qh6 21. c4 hxg3 22. fxg3 Qxh3 23. Rxf6 Qh1+ 24. Kf2 Rh2+ 25. Ke3 Qxe1+ 0-1

[Event "XIX Carlos Torre Mem"]
[Site "Merida MEX"]
[Date "2006.12.17"]
[Round "5"]
[White "Ramirez Martinez,H"]
[Black "De Winter,W"]
[Result "1/2-1/2"]
[WhiteElo "2204"]
[BlackElo "2114"]
[EventDate "2006.12.14"]

1. e4 c5 2. Nf3 d6 3. d4 cxd4 4. Nxd4 Nf6 5. Nc3 a6 6. Bg5 e6 7. Qf3 Be7 8.
O-O-O Qc7 9. Qg3 Nc6 10. f4 Bd7 11. Kb1 b5 12. Bxf6 Bxf6 13. Ndxb5 axb5 14.
Nxb5 Qa5 15. Nxd6+ Ke7 16. Bc4 Rhb8 17. e5 Nxe5 18. Bb3 Nc6 19. Nc4 Qc5 20.
Qd3 Ra7 21. c3 g6 22. g4 Kf8 23. h4 e5 24. f5 gxf5 25. gxf5 Ne7 26. Nd6 Bc6
27. Ne4 Bxe4 28. Qxe4 Qf2 29. Rdf1 Qc5 1/2-1/2

[Event "XIX Carlos Torre Mem"]
[Site "Merida MEX"]
[Date "2006.12.17"]
[Round "5"]
[White "Rojas,Jo"]
[Black "Gonzalez Arroyo,L"]
[Result "1/2-1/2"]
[WhiteElo "2000"]
[BlackElo "2174"]
[EventDate "2006.12.14"]

1. c4 c5 2. Nf3 Nc6 3. Nc3 Nf6 4. g3 g6 5. Bg2 Bg7 6. O-O O-O 7. d4 cxd4 8.
Nxd4 a6 9. b3 d5 10. cxd5 Nxd4 11. Qxd4 Nxd5 12. Qxd5 Bxc3 13. Bh6 Qxd5 14.
Bxd5 1/2-1/2

[Event "XIX Carlos Torre Mem"]
[Site "Merida MEX"]
[Date "2006.12.17"]
[Round "5"]
[White "Duarte Barahona,R"]
[Black "Vera,R"]
[Result "1-0"]
[WhiteElo "2067"]
[BlackElo "2510"]
[EventDate "2006.12.14"]

1. e4 e5 2. Nf3 Nc6 3. Bb5 a6 4. Ba4 Nf6 5. O-O b5 6. Bb3 Be7 7. Re1 O-O 8.
a4 Bb7 9. d3 Na5 10. Ba2 d6 11. Nbd2 c5 12. c3 Qc7 13. Nf1 Bc8 14. axb5
axb5 15. b4 cxb4 16. cxb4 Qc3 17. Bd2 Qxd3 18. bxa5 1-0

[Event "XIX Carlos Torre Mem"]
[Site "Merida MEX"]
[Date "2006.12.17"]
[Round "5"]
[White "Lopez,Man MEX"]
[Black "Sandoval,A"]
[Result "0-1"]
[WhiteElo "2093"]
[BlackElo "2009"]
[EventDate "2006.12.14"]

1. e4 c5 2. Nc3 d6 3. g3 Nf6 4. Bg2 Nc6 5. d3 g6 6. h3 Bg7 7. Be3 O-O 8. f4
Ne8 9. Nf3 Nd4 10. O-O Rb8 11. Rb1 b5 12. Ne2 Nxf3+ 13. Rxf3 f5 14. Rf2 a5
15. exf5 gxf5 16. d4 c4 17. d5 Nc7 18. Nd4 Qe8 19. Nc6 Ra8 20. Bb6 Na6 21.
Re2 Bf6 22. Bd4 Qf7 23. Bxf6 exf6 24. Re7 Qg6 25. Qd4 Nc5 26. Rbe1 Qxg3 27.
R1e3 Qh4 28. Rc7 Ne4 29. Bxe4 fxe4 30. Kg2 Kh8 31. Rg3 Bxh3+ 0-1

[Event "XIX Carlos Torre Mem"]
[Site "Merida MEX"]
[Date "2006.12.17"]
[Round "5"]
[White "Medina Altamirano,K"]
[Black "Santos Cabanas,C"]
[Result "1/2-1/2"]
[WhiteElo "1991"]
[BlackElo "1969"]
[EventDate "2006.12.14"]

1. e4 e5 2. Nf3 Nc6 3. Bb5 a6 4. Bxc6 dxc6 5. O-O Bd6 6. d3 Bg4 7. Be3 Ne7
8. Nbd2 O-O 9. h3 Bh5 10. Re1 Qd7 11. Nxe5 Bxe5 12. Qxh5 f5 13. Nc4 Bd4 14.
Bxd4 Qxd4 15. exf5 Nxf5 16. Re4 Qf6 17. Rd1 Nd6 18. Nxd6 Qxf2+ 19. Kh2 cxd6
20. Re2 Qf7 21. Qxf7+ Rxf7 1/2-1/2

[Event "XIX Carlos Torre Mem"]
[Site "Merida MEX"]
[Date "2006.12.17"]
[Round "6"]
[White "Vera,R"]
[Black "Corrales,Fi"]
[Result "1-0"]
[WhiteElo "2510"]
[BlackElo "2496"]
[EventDate "2006.12.14"]

1. d4 d5 2. c4 c6 3. Nc3 Nf6 4. e3 a6 5. Nf3 b5 6. c5 Bg4 7. Qb3 Nbd7 8. a4
g6 9. Qa3 Rb8 10. b4 Bg7 11. Bb2 O-O 12. Be2 Qc7 13. axb5 axb5 14. Qa5 Qc8
15. O-O Bxf3 16. Bxf3 e5 17. Qa6 Qc7 18. e4 exd4 19. exd5 Ne5 20. d6 Nxf3+
21. gxf3 Qd7 22. Ne2 Nd5 23. Ng3 h5 24. Ra3 h4 25. Ne4 Be5 26. Bc1 Qh3 27.
f4 Qg4+ 28. Ng3 Nxf4 29. Bxf4 Bxf4 30. Qxc6 hxg3 31. hxg3 Bg5 32. Qd5 Qf5
33. Qxd4 Bf6 34. Qd3 Qxd3 35. Rxd3 Rfc8 36. Re1 Kf8 37. Rf3 Bg5 38. Re5 Bd8
39. d7 Rc7 40. Re8+ Kg7 41. Rd3 Rc6 42. Rd6 Rxd6 43. cxd6 Kf6 44. Kg2 Kg5
45. f3 Ra8 46. Kf1 f5 47. Rf8 f4 48. gxf4+ Kh4 49. Ke2 Kg3 50. Kd3 Kxf3 51.
f5 gxf5 52. Rxf5+ Kg4 53. Rf8 Kg5 54. Ke4 Kg6 55. Kd5 Kg7 56. Rxd8 1-0

[Event "XIX Carlos Torre Mem"]
[Site "Merida MEX"]
[Date "2006.12.17"]
[Round "6"]
[White "Ehlvest,J"]
[Black "Hungaski,R"]
[Result "1-0"]
[WhiteElo "2597"]
[BlackElo "2366"]
[EventDate "2006.12.14"]

1. d4 Nf6 2. Nf3 g6 3. c4 Bg7 4. Nc3 d5 5. e3 O-O 6. b4 a5 7. b5 c5 8. bxc6
bxc6 9. Ba3 Ba6 10. Rc1 dxc4 11. Na4 Bb5 12. Bxc4 Na6 13. O-O Nd5 14. Qe2
Rb8 15. Nc5 Nxc5 16. Bxc5 Re8 17. Rfd1 Qd7 18. Qc2 a4 19. h3 Qe6 20. Re1 f5
21. a3 Bf6 22. Nd2 Kg7 23. Ba2 Qd7 24. Rcd1 Qc7 25. Nf3 Qa5 26. Rc1 Qa6 27.
Bb1 Qc8 28. e4 fxe4 29. Qxe4 Qc7 30. Ba2 Rbd8 31. Ne5 Bg5 32. Rc2 Qc8 33.
Bxd5 Rxd5 34. Qf3 Rf8 35. Qc3 Bf6 36. Nf3 Rf7 37. Re3 Qf5 38. Rd2 Qb1+ 39.
Re1 Qb3 40. Qc1 Rf5 41. Re3 Qd5 42. Qe1 e6 43. Rc2 Bc4 44. Bb4 Qb5 45. Rb2
Qa6 46. Bd6 Bd5 47. Ne5 Rb7 48. Qe2 Qa8 49. Rc3 Rb3 50. Rbc2 Qd8 51. Rxc6
Bxc6 52. Rxc6 Be7 53. Nc4 Bxd6 54. Nxd6 Rf8 55. Qxe6 Rxa3 56. Rc8 Ra1+ 57.
Kh2 Qg5 58. Rxf8 1-0

[Event "XIX Carlos Torre Mem"]
[Site "Merida MEX"]
[Date "2006.12.17"]
[Round "6"]
[White "Ibarra Chami,L"]
[Black "Mitkov,N1"]
[Result "1-0"]
[WhiteElo "2339"]
[BlackElo "2565"]
[EventDate "2006.12.14"]

1. e4 e5 2. Nf3 Nc6 3. Bc4 Bc5 4. d3 Nf6 5. c3 a6 6. Bb3 Ba7 7. h3 d6 8.
Nbd2 O-O 9. Nf1 d5 10. Qe2 Be6 11. Bg5 dxe4 12. dxe4 Bxb3 13. axb3 Qd6 14.
Rd1 Qe6 15. Bxf6 Qxf6 16. Ne3 Bxe3 17. Qxe3 Qe6 18. b4 Qb3 19. Qe2 a5 20.
b5 Na7 21. Rd5 f6 22. O-O Rad8 23. Rfd1 Rxd5 24. Rxd5 a4 25. Nd2 Qxb2 26.
Qc4 Kh8 27. Qc5 Rg8 28. Qxa7 a3 29. Nf1 a2 30. Rd1 h6 31. Ne3 Kh7 32. Nd5
Rd8 33. Kh2 Rd6 34. Qxb7 Qc2 35. Ra1 Qb2 36. Rxa2 Qxa2 37. Qxc7 Rxd5 38.
exd5 Qxf2 39. Qc4 f5 40. d6 Qd2 41. Qb4 e4 42. Qd4 Qf4+ 43. Kg1 Qc1+ 44.
Kf2 Qb2+ 45. Kg3 Qxb5 46. d7 Qb8+ 47. Kf2 Qd8 48. c4 Kg6 49. c5 e3+ 50.
Kxe3 f4+ 51. Qxf4 1-0

[Event "XIX Carlos Torre Mem"]
[Site "Merida MEX"]
[Date "2006.12.17"]
[Round "6"]
[White "Nogueiras,J"]
[Black "Estrada Nieto,J"]
[Result "1-0"]
[WhiteElo "2554"]
[BlackElo "2379"]
[EventDate "2006.12.14"]

1. Nf3 d5 2. b3 Bg4 3. Bb2 Nd7 4. e3 Ngf6 5. h3 Bxf3 6. Qxf3 e5 7. g4 h6 8.
Bg2 c6 9. Qe2 Bd6 10. c4 e4 11. cxd5 cxd5 12. d3 Qa5+ 13. Bc3 Bb4 14. Qd2
Nc5 15. Bxb4 Qxb4 16. dxe4 Nd3+ 17. Ke2 dxe4 18. Qxb4 Nxb4 19. Nd2 Rc8 20.
Rhc1 O-O 21. Nxe4 Nxe4 22. Bxe4 Rxc1 23. Rxc1 Nxa2 24. Rc2 Nb4 25. Rc7 Na6
26. Rxb7 Nc5 27. Re7 Nxe4 28. Rxe4 Rb8 29. b4 Rb5 30. h4 g6 31. f4 a5 32.
bxa5 Rxa5 33. Re5 Ra1 34. h5 Kg7 35. hxg6 Kxg6 36. Rc5 Ra6 37. Kf3 Rb6 38.
Rc3 Ra6 39. Kg3 Rb6 40. e4 Ra6 41. e5 h5 42. Rc8 hxg4 43. Kxg4 Kg7 44. f5
Ra4+ 45. Kg5 Re4 46. f6+ Kh7 47. Kf5 Re1 48. Rc3 Rf1+ 49. Ke4 Rg1 50. Rd3
Kg6 51. Kd5 Ra1 52. Rg3+ Kf5 53. Kd6 Ra6+ 54. Ke7 Ra7+ 55. Kf8 Kxe5 56. Kg7
Ke6 57. Re3+ Kd6 58. Kf8 Rb7 59. Re7 Rb1 60. Kxf7 Rf1 61. Re2 Rf3 62. Kg7
Rg3+ 63. Kf8 Rf3 64. f7 Kd7 65. Rg2 Ke6 66. Kg8 1-0

[Event "XIX Carlos Torre Mem"]
[Site "Merida MEX"]
[Date "2006.12.17"]
[Round "6"]
[White "Huerta,Da"]
[Black "Arencibia,W"]
[Result "0-1"]
[WhiteElo "2338"]
[BlackElo "2530"]
[EventDate "2006.12.14"]

1. d4 Nf6 2. c3 g6 3. Bg5 Bg7 4. e3 O-O 5. Nd2 b6 6. Bd3 Bb7 7. f3 c5 8.
Ne2 Nd5 9. Nf1 cxd4 10. exd4 Nc6 11. Qd2 Re8 12. h4 Qc7 13. Bh6 Bh8 14. h5
e5 15. hxg6 fxg6 16. Be4 Nf6 17. d5 Nd8 18. Nfg3 d6 19. O-O-O Nf7 20. Be3
Bg7 21. Rh4 Qd7 22. Qc2 Nh8 23. Bh6 Bxh6+ 24. Rxh6 Qg7 25. Rdh1 Nf7 26.
R6h4 Rac8 27. Nf1 Rf8 28. Qd2 Rc7 29. Neg3 Bc8 30. Ne3 Ng5 31. Bc2 Nf7 32.
Nd1 Rc5 33. Ne3 Bd7 34. Ne4 Nxe4 35. Bxe4 Ng5 36. Bc2 h5 37. Ng4 Rf4 38.
Ne3 Rxh4 39. Rxh4 Qf6 40. Qf2 Be8 41. f4 exf4 42. Rxf4 Qe7 43. Nf1 Bf7 44.
c4 b5 45. b3 bxc4 46. bxc4 Rc7 47. Nd2 Qe5 48. Rd4 Kg7 49. Nb3 Nh7 50. Re4
Qg5+ 51. Kb1 Nf6 52. Rf4 Ng4 53. Qd2 Qe5 54. Re4 Qg3 55. Qd4+ Kg8 56. Re2
Rb7 57. Kc1 a5 58. Kd2 Ne5 59. Nxa5 Rc7 60. Bd3 Qg5+ 61. Qe3 Qd8 62. Qb6
Bxd5 63. Qd4 Qg5+ 64. Kc3 Qc1+ 65. Kb4 Nc6+ 66. Nxc6 0-1

[Event "XIX Carlos Torre Mem"]
[Site "Merida MEX"]
[Date "2006.12.17"]
[Round "6"]
[White "Zapata,A"]
[Black "Szmetan,R"]
[Result "1-0"]
[WhiteElo "2470"]
[BlackElo "2302"]
[EventDate "2006.12.14"]

1. e4 c6 2. d4 d5 3. Nc3 dxe4 4. Nxe4 Nf6 5. Nxf6+ exf6 6. c3 Bd6 7. Bd3
O-O 8. Ne2 Re8 9. O-O Nd7 10. Ng3 Nf8 11. f4 g6 12. f5 Bxg3 13. hxg3 Bxf5
14. Bxf5 gxf5 15. Rxf5 Ng6 16. Bh6 Re6 17. Qf3 Qd6 18. Rf1 Rae8 19. Rxf6
Rxf6 20. Qxf6 Qxf6 21. Rxf6 Nf8 22. Rd6 a5 23. d5 cxd5 24. Rxd5 b6 25. Kf2
Re6 26. Be3 Kg7 27. g4 Rc6 28. Bd4+ Kg6 29. Rd8 1-0

[Event "XIX Carlos Torre Mem"]
[Site "Merida MEX"]
[Date "2006.12.17"]
[Round "6"]
[White "Arreguin Hernandez,A"]
[Black "De la Paz,F"]
[Result "0-1"]
[WhiteElo "2150"]
[BlackElo "2442"]
[EventDate "2006.12.14"]

1. e4 e5 2. Nf3 d6 3. d4 exd4 4. Nxd4 Nf6 5. Nc3 Be7 6. Be2 O-O 7. O-O Re8
8. b3 Bf8 9. Qd3 Nbd7 10. f3 a5 11. a4 c6 12. Bb2 Qb6 13. Kh1 Nc5 14. Qd2
Na6 15. Bxa6 Rxa6 16. Rae1 Ra8 17. Nde2 Nd7 18. Nd1 Nc5 19. Ng3 Be6 20. f4
f6 21. e5 fxe5 22. fxe5 d5 23. Bd4 Be7 24. Nf5 Bxf5 25. Rxf5 Qb4 26. c3
Nxb3 27. Qa2 Qa3 28. Qxa3 Bxa3 29. e6 Re7 30. Bf2 Rf8 31. Rxf8+ Kxf8 32.
Bh4 Re8 33. Nf2 Be7 34. Bg3 Nc5 35. Rb1 Kg8 36. Bc7 Nxe6 37. Bxa5 Ra8 38.
Rxb7 Bc5 39. Bb6 Rxa4 40. g3 Bxb6 41. Rxb6 Rc4 42. Nd3 Rxc3 43. Ne5 h6 44.
Rxc6 Rxc6 45. Nxc6 Kf7 46. Kg2 Kf6 47. Kf3 Nc5 48. Kf4 Nd3+ 49. Ke3 Ne5 50.
Nb4 Ke6 51. Kf4 Ng6+ 52. Ke3 Ne7 53. Nd3 Nc6 54. h3 Kf5 55. Nc5 h5 56. Kd3
g6 57. Ke3 g5 58. Kd3 g4 59. h4 d4 60. Nd7 Ne5+ 0-1

[Event "XIX Carlos Torre Mem"]
[Site "Merida MEX"]
[Date "2006.12.17"]
[Round "6"]
[White "Gongora Montes,B"]
[Black "Leon Hoyos,M"]
[Result "0-1"]
[WhiteElo "2256"]
[BlackElo "2437"]
[EventDate "2006.12.14"]

1. e4 c5 2. Nf3 Nc6 3. Nc3 g6 4. h4 h5 5. d4 cxd4 6. Nxd4 Bg7 7. Nxc6 bxc6
8. Qf3 Nf6 9. Bc4 O-O 10. O-O Ng4 11. Qg3 e6 12. Be2 Bf6 13. Bxg4 Bxh4 14.
Qh3 hxg4 15. Qxg4 d5 16. e5 Kg7 17. Be3 Rh8 18. Na4 Be7 19. g3 Qf8 20. Kg2
f5 21. Qd4 f4 22. Bxf4 c5 23. Qd3 g5 24. Bd2 Bb7 25. f4 d4+ 26. Kf2 c4 27.
Qxc4 Qf5 28. Ke1 Rh2 29. Kd1 Rc8 30. Qb3 Bd5 31. Qd3 Be4 0-1

[Event "XIX Carlos Torre Mem"]
[Site "Merida MEX"]
[Date "2006.12.17"]
[Round "6"]
[White "Perez,Rod"]
[Black "Alford,J"]
[Result "1-0"]
[WhiteElo "2385"]
[BlackElo "2294"]
[EventDate "2006.12.14"]

1. c4 Nf6 2. Nc3 g6 3. g3 Bg7 4. Bg2 O-O 5. Nf3 c5 6. O-O d5 7. cxd5 Nxd5
8. Nxd5 Qxd5 9. d3 Nc6 10. Be3 Bd7 11. Nd4 Qd6 12. Nxc6 Bxc6 13. Bxc6 Qxc6
14. Rc1 Bxb2 15. Rxc5 Qe6 16. d4 Ba3 17. Ra5 Bb4 18. Rb5 a5 19. a4 Qe4 20.
Qb1 Qxb1 21. Rxb1 Rfc8 22. Rb2 Rc7 23. Bd2 Bxd2 24. Rxd2 Kf8 25. d5 Rc4 26.
Rxb7 Rxa4 27. d6 exd6 28. Rxd6 Rb4 29. Rc7 a4 30. Rdd7 a3 31. Rxf7+ Kg8 32.
Rg7+ Kh8 33. Rxh7+ Kg8 34. Rcg7+ Kf8 35. Ra7 Rxa7 36. Rxa7 Rb3 37. h4 Ke8
38. Kg2 Kd8 39. g4 Kc8 40. h5 1-0

[Event "XIX Carlos Torre Mem"]
[Site "Merida MEX"]
[Date "2006.12.17"]
[Round "6"]
[White "Ramirez Garcia,J"]
[Black "Hernandez,Gi"]
[Result "0-1"]
[WhiteElo "2216"]
[BlackElo "2551"]
[EventDate "2006.12.14"]

1. e4 c5 2. c3 Nf6 3. e5 Nd5 4. Nf3 e6 5. d4 cxd4 6. cxd4 d6 7. Bc4 Nb6 8.
Bb3 dxe5 9. Nxe5 Nc6 10. Nf3 Be7 11. Nc3 O-O 12. O-O Nb4 13. a3 N4d5 14.
Ne4 Bd7 15. Ba2 Rc8 16. Neg5 g6 17. h4 Qc7 18. Bb1 Nf4 19. g3 Qxc1 20. gxf4
Qxf4 21. Ne4 Bc6 22. Re1 Bxh4 23. Nxh4 Qxh4 24. f3 f5 25. Nd2 Qxd4+ 0-1

[Event "XIX Carlos Torre Mem"]
[Site "Merida MEX"]
[Date "2006.12.17"]
[Round "6"]
[White "Knight,S"]
[Black "Escobedo Tinajero,A"]
[Result "0-1"]
[WhiteElo "2100"]
[BlackElo "2383"]
[EventDate "2006.12.14"]

1. d4 d5 2. Nf3 Nf6 3. e3 c6 4. Bd3 Nbd7 5. Nbd2 g6 6. Qe2 Bg7 7. e4 dxe4
8. Nxe4 Nxe4 9. Qxe4 Nf6 10. Qh4 Bg4 11. Be2 h6 12. c3 Qc8 13. h3 Bf5 14.
Ne5 Ne4 15. Bc4 Nd6 16. Bb3 c5 17. O-O c4 18. Bd1 f6 19. Ng4 Bd3 20. Re1
Nf5 21. Nxf6+ Kf7 22. Qf4 Bxf6 23. Bf3 g5 24. Bd5+ Kg7 25. Qf3 Nd6 26. b3
Qf5 27. Bxb7 Qxf3 28. Bxf3 Rab8 29. Ba3 Rhd8 30. Bc5 Rd7 31. Re3 cxb3 32.
axb3 Rxb3 33. Bc6 Rc7 34. Bxa7 Rxc3 0-1

[Event "XIX Carlos Torre Mem"]
[Site "Merida MEX"]
[Date "2006.12.17"]
[Round "6"]
[White "Garcia Martinez,S"]
[Black "Beltran,J"]
[Result "1/2-1/2"]
[WhiteElo "2316"]
[BlackElo "2154"]
[EventDate "2006.12.14"]

1. e4 e6 2. d4 d5 3. Nc3 Bb4 4. e5 b6 5. a3 Bf8 6. Nf3 Ne7 7. Bb5+ c6 8.
Ba4 Ba6 9. Ne2 Bb5 10. Bxb5 cxb5 11. c3 Nbc6 12. Ng3 g6 13. Bg5 Bg7 14. h4
h5 15. Qd2 Qd7 16. Qf4 O-O-O 17. b4 Rdg8 18. Ne2 Nf5 19. Nd2 Kb7 20. f3 Bh6
21. g4 hxg4 22. fxg4 Bxg5 23. Qxg5 Qe7 24. Qxe7+ Nfxe7 25. O-O-O Kc7 26.
Rdf1 Nd8 27. Nf3 Kd7 28. Ng5 Rg7 29. Kd2 Ng8 30. Rf4 Ke7 31. Ng3 f6 32.
exf6+ Nxf6 33. Ke3 Nb7 34. Kd3 Nd8 35. Nf3 Nd7 36. Re1 Nf7 37. Kc2 Nd6 38.
Kb3 Nc4 39. h5 gxh5 40. Nxh5 Rf7 1/2-1/2

[Event "XIX Carlos Torre Mem"]
[Site "Merida MEX"]
[Date "2006.12.17"]
[Round "6"]
[White "Morales Garcia,S"]
[Black "Varguez Baquedaro,A"]
[Result "1-0"]
[WhiteElo "2230"]
[BlackElo "2005"]
[EventDate "2006.12.14"]

1. e4 e6 2. d3 d5 3. Nd2 Nf6 4. Ngf3 c5 5. g3 Nc6 6. Bg2 Be7 7. O-O O-O 8.
e5 Nd7 9. Re1 f6 10. exf6 Nxf6 11. c4 Bd6 12. b3 Nb4 13. Nf1 d4 14. Ne5 Nd7
15. f4 Nxe5 16. fxe5 Bc7 17. Bf4 Rb8 18. Be4 Qe8 19. a3 Nc6 20. Nd2 Nxe5
21. Bxe5 Bxe5 22. Bxh7+ Kxh7 23. Rxe5 Rf6 24. Qe2 Bd7 25. Rf1 Rxf1+ 26.
Qxf1 b6 27. Ne4 Kg8 28. Nf6+ gxf6 29. Qxf6 Qf7 30. Rg5+ Kf8 31. Qh8+ Ke7
32. Qxb8 1-0

[Event "XIX Carlos Torre Mem"]
[Site "Merida MEX"]
[Date "2006.12.19"]
[Round "7"]
[White "Vera,R"]
[Black "Nogueiras,J"]
[Result "1/2-1/2"]
[WhiteElo "2510"]
[BlackElo "2554"]
[EventDate "2006.12.14"]

1. Nf3 d5 2. d4 Nf6 3. c4 dxc4 4. e3 e6 5. Bxc4 c5 6. O-O a6 7. a4 Nc6 8.
Nc3 Be7 9. Qe2 cxd4 10. Rd1 e5 11. exd4 exd4 12. Nxd4 Nxd4 13. Qe5 Qd6 14.
Qxd4 Qxd4 15. Rxd4 Bc5 1/2-1/2

[Event "XIX Carlos Torre Mem"]
[Site "Merida MEX"]
[Date "2006.12.19"]
[Round "7"]
[White "Quezada,Y"]
[Black "Ibarra Chami,L"]
[Result "1-0"]
[WhiteElo "2515"]
[BlackElo "2339"]
[EventDate "2006.12.14"]

1. e4 d5 2. exd5 Qxd5 3. Nc3 Qa5 4. d4 Nf6 5. Nf3 c6 6. Bc4 Bf5 7. Bd2 e6
8. Nd5 Qd8 9. Nxf6+ Qxf6 10. c3 Nd7 11. h3 Be4 12. Be2 h6 13. O-O Bd6 14.
Be3 Bxf3 15. Bxf3 O-O 16. g3 Nb6 17. Bg2 Qg6 18. Kh2 Rad8 19. Qe2 Nd5 20.
Bd2 c5 21. c4 Nf6 22. dxc5 Bxc5 23. Bc3 b6 24. Rad1 Be7 25. Be5 Rc8 26. b3
Rc5 27. f4 Rfc8 28. Rd2 b5 29. cxb5 Rc2 30. Bc6 Rxd2 31. Qxd2 Rd8 32. Qe2
Bb4 33. Rd1 Rxd1 34. Qxd1 Ne4 35. Qg4 Qxg4 36. hxg4 Nc3 37. a3 1-0